Introduction à la psychologie

This book content: introduction à la psychologie et aux psychologues, les pondments de la conscience humaine, l'apprenttissage et la connaissance...

Na minha lista:
Detalhes bibliográficos
Autor principal: Coon, Dennis
Formato: Livro
Idioma:Undetermined
Publicado em: Canada Deauchemin Itée 1994
Assuntos:
Tags: Adicionar Tag
Sem tags, seja o primeiro a adicionar uma tag!
Thư viện lưu trữ: Trung tâm Học liệu Trường Đại học Cần Thơ
LEADER 00624nam a2200193Ia 4500
001 CTU_41516
008 210402s9999 xx 000 0 und d
082 |a 150 
082 |b C769 
100 |a Coon, Dennis 
245 0 |a Introduction à la psychologie 
245 0 |c Dennis Coon 
260 |a Canada 
260 |b Deauchemin Itée 
260 |c 1994 
520 |a This book content: introduction à la psychologie et aux psychologues, les pondments de la conscience humaine, l'apprenttissage et la connaissance... 
650 |a Psychology 
904 |i Qhieu 
980 |a Trung tâm Học liệu Trường Đại học Cần Thơ